000 00324cam a2200121 4500
001 L132417
008 060206n2006 000 0 eng u
020 _a1841407550
035 _a(Sirsi) u132417
245 _aReporting statement: Operating and financial review
260 _aAccounting standards board
_c2006
942 _n0
999 _c105132
_d105132